000 00732nam a2200181 a 4500
008 150622s1988 ||||||||||||||||| || u
050 _aGOV.ZAM(02)1988/2
100 _aNigam, Shyam B. L. S
245 1 0 _aTripartite National Seminar on Labour Market Information in Zambia
_cby Shyam B. L. Nigam
246 _aNature, scope and sources of labour market information
260 _aLusaka
_bGovernment Printer
_c1988
300 _a26p.: ill.
650 _aECONOMY
650 _aRESEARCH ON EMPLOYMENT--ZAMBIA
650 _aLABOUR MARKET
710 _aThe Government of the Republic of Zambia
995 _FCBU-MAIN LIBRARY (Kitwe)
_M1
_UAVAILABLE
_WJun 22, 2015
_ZZambiana Collection
999 _c60448
_d60448